Statistics for Steven Erikson Bibliography

Click here to take the quiz!

General Stats

  • This quiz has been taken 39 times
    (38 since last reset)
  • The average score is 13 of 38

Answer Stats

TypeYearName% Correct
Novel2000Deadhouse Gates
100%
Novel2009Dust of Dreams
100%
Novel1999Gardens of the Moon
100%
Novel2001Memories of Ice
100%
Novel2004Midnight Tides
100%
Novel2011The Crippled God
100%
Novel2008Toll the Hounds
100%
Novel2016Fall of Light
67%
Novel2012Forge of Darkness
67%
Novel2002House of Chains
67%
Novel2007Reaper's Gale
67%
Novel2006The Bonehunters
67%
Novel2021The God Is Not Willing
67%
Novel2014Willful Child
67%
Novella2002Blood Follows
33%
Novella2016The Fiends of Nightmaria
33%
Novel1998This River Awakens
33%
Novel2016Willful Child: Wrath of Betty
33%
Novella1991A Ruin of Feathers
0%
Short Story1998Better Places to Be
0%
Novella2009Crack'd Pot Trail
0%
Short Story1998Factory at Capashin
0%
Novella2004Fishin' with Grandma Matchie
0%
Short Story1998Machines
0%
Novel2018Rejoice, A Knife to the Heart
0%
Novella1998Revolvo
0%
Short Story Collection1998Revolvo & Other Canadian Tales
0%
Novella1993Stolen Voices
0%
Short Story1998The Brouhaha About Bill
0%
Novella2004The Devil Delivered
0%
Novella2004The Healthy Dead
0%
Novella2007The Lees of Laughter's End
0%
Novella2012The Wurms of Blearmouth
0%
Short Story1998This Rich, Evil Sound
0%
Novella2020Upon a Dark of Evil Warlords
0%
NovelTBAWalk in Shadow
0%
Novella2004When She's Gone
0%
Novel2018Willful Child: The Search for Spark
0%

Score Distribution

Percentile by Number Answered

Percent of People with Each Score

Your Score History

You have not taken this quiz since the last reset